000 00761cab a22001935a 4500
001 L154081
008 111012s2011 xxk 000 0 eng d
035 _a(Sirsi) u154081
041 0 _aeng
100 1 _aDixon, Tim
245 0 0 _aHousing under the microscope
_bwhere on Earth next?
260 _c2011
490 0 _aSustainablebuilding inc Propertyforecast
_v(57) September 2011, 13-15(3)
520 _aExamines the key trends from recent reports on the housing market, the National Housing Federation, Oxford Economics, Homes and Communities Agency, Policy Exchange, Building and Social Housing Foundation, and Shelter.
590 _aKA
651 4 _aUnited Kingdom
_y
690 _aPROPERTY-RESIDENTIAL PROPERTY-RESIDENTIAL PROPERTY MARKET
942 _n0
999 _c83485
_d83485